Almanac kiến thức văn hóa - giáo dục

Gồm những kiến thức về văn hoá, giáo dục Việt Nam và Thế giới: Lịch sử Việt Nam, Quốc hiệu Việt Nam qua các thời kỳ, Thủ đô Việt Nam qua các thời kỳ, Biên niên sử Thế giới, Danh sách Di sản thế giới,....

Shranjeno v:
Bibliografske podrobnosti
Glavni avtor: Trần Mạnh Thường (b.s)
Format: Knjiga
Jezik:Vietnamese
Izdano: H. Văn hóa Thông tin 2005
Teme:
Oznake: Označite
Brez oznak, prvi označite!
Thư viện lưu trữ: Mạng thư viện Đại học Đà Nẵng
LEADER 01458nam a2200385 4500
001 000006989
003 3149
005 20120613160647.0
008 110926s2005 viesd
020 |c 190000đ 
041 0 |a vie 
082 |a 300.3  |b TR-T 
100 0 |a Trần Mạnh Thường 
245 0 |a Almanac kiến thức văn hóa - giáo dục  |c Trần Mạnh Thường b.soạn 
260 |a H.  |b Văn hóa Thông tin  |c 2005 
300 |a 1047 tr  |c 21 cm 
520 3 |a Gồm những kiến thức về văn hoá, giáo dục Việt Nam và Thế giới: Lịch sử Việt Nam, Quốc hiệu Việt Nam qua các thời kỳ, Thủ đô Việt Nam qua các thời kỳ, Biên niên sử Thế giới, Danh sách Di sản thế giới,.... 
653 |a Almanac 
653 |a Kiến thức 
653 |a Văn hóa 
653 |a Giáo dục 
653 |a Việt Nam 
653 |a Thế giới 
700 |a Trần Mạnh Thường  |e b.s 
910 |a Nguyễn Thị Kim Oanh  |d 26/09/2011 
OWN |a LSP 
AVA |a UDN50  |b LSP  |d 300.3 TR-T  |e available  |t Error 5001 Not defined in file expand_doc_bib_avail.  |f 2  |g 0  |h N  |i 0  |k 1 
999 |a From the UDN01 
AVA |a UDN50  |b LSP  |d 300.3 TR-T  |e available  |t Error 5001 Not defined in file expand_doc_bib_avail.  |f 2  |g 0  |h N  |i 0  |k 1 
TYP |a Monograph 
TYP |a Printed language 
980 |a Mạng thư viện Đại học Đà Nẵng